Myles textbook for midwives / (Record no. 19208)
[ view plain ]
| 000 -LEADER | |
|---|---|
| fixed length control field | 01018cam a22002895a 4500 |
| 001 - CONTROL NUMBER | |
| control field | 18218492 |
| 005 - DATE AND TIME OF LATEST TRANSACTION | |
| control field | 20160222151309.0 |
| 008 - FIXED-LENGTH DATA ELEMENTS--GENERAL INFORMATION | |
| fixed length control field | 140709s2014 stka frbd 001 0 eng d |
| 020 ## - INTERNATIONAL STANDARD BOOK NUMBER | |
| International Standard Book Number | 9780702051456 |
| 020 ## - INTERNATIONAL STANDARD BOOK NUMBER | |
| International Standard Book Number | 9780702051463 |
| 040 ## - CATALOGING SOURCE | |
| Original cataloging agency | DLC |
| Language of cataloging | eng |
| Transcribing agency | DLC |
| Modifying agency | EG-ScBUE |
| 082 04 - DEWEY DECIMAL CLASSIFICATION NUMBER | |
| Classification number | 618.2 |
| Item number | MYL |
| Edition number | 22 |
| 245 00 - TITLE STATEMENT | |
| Title | Myles textbook for midwives / |
| Statement of responsibility, etc | edited by Jayne E. Marshall, Maureen D. Raynor ; foreword by Diane M. Fraser. |
| 250 ## - EDITION STATEMENT | |
| Edition statement | 6th ed. |
| 260 ## - PUBLICATION, DISTRIBUTION, ETC. (IMPRINT) | |
| Place of publication, distribution, etc | Edinburgh : |
| Name of publisher, distributor, etc | Churchill Livingstone / Elsevier, |
| Date of publication, distribution, etc | 2014. |
| 300 ## - PHYSICAL DESCRIPTION | |
| Extent | xvii, 780 p. : |
| Other physical details | ill. (col) ; |
| Dimensions | 25 cm. |
| 500 ## - GENERAL NOTE | |
| General note | Index : p. 745-780. |
| 500 ## - GENERAL NOTE | |
| General note | Also available online. |
| 500 ## - GENERAL NOTE | |
| General note | Glossary : p. 737-744. |
| 504 ## - BIBLIOGRAPHY, ETC. NOTE | |
| Bibliography, etc | Includes bibliographical references. |
| 650 #7 - SUBJECT ADDED ENTRY--TOPICAL TERM | |
| Topical term or geographic name as entry element | Midwifery. |
| Source of heading or term | BUEsh |
| 9 (RLIN) | 36414 |
| 653 ## - INDEX TERM--UNCONTROLLED | |
| Resource For college | Nursing |
| Arrived date list | April2015 |
| -- | February2016 |
| 700 1# - ADDED ENTRY--PERSONAL NAME | |
| Personal name | Marshall, Jayne E. |
| Relator term | editor. |
| 9 (RLIN) | 37682 |
| 700 1# - ADDED ENTRY--PERSONAL NAME | |
| Personal name | Raynor, Maureen D. |
| Relator term | editor. |
| 9 (RLIN) | 37683 |
| 700 1# - ADDED ENTRY--PERSONAL NAME | |
| Personal name | Fraser, Diane M. |
| Relator term | author of introduction, etc. |
| 9 (RLIN) | 37684 |
| 942 ## - ADDED ENTRY ELEMENTS (KOHA) | |
| Source of classification or shelving scheme | Dewey Decimal Classification |
| Call number prefix | 618.2 MYL |
| Withdrawn status | Item status | Source of classification or shelving scheme | Damaged status | Not for loan | Vendor | Home library | Current library | Shelving location | Date acquired | Source of acquisition | Cost, normal purchase price | Serial Enumeration / chronology | Total Checkouts | Total Renewals | Full call number | Barcode | Date last seen | Date last borrowed | Cost, replacement price | Koha item type | Checked out |
|---|---|---|---|---|---|---|---|---|---|---|---|---|---|---|---|---|---|---|---|---|---|
| Dewey Decimal Classification | ايمك | Central Library | Central Library | First floor | 21/04/2015 | 265.00 | 2446 | 1 | 4 | 618.2 MYL | 000038041 | 15/07/2025 | 01/10/2018 | 331.25 | Book - Borrowing | ||||||
| Dewey Decimal Classification | ايمك | Central Library | Central Library | First floor | 21/04/2015 | 265.00 | 2446 | 5 | 32 | 618.2 MYL | 000038042 | 15/07/2025 | 16/10/2017 | 331.25 | Book - Borrowing | ||||||
| Dewey Decimal Classification | Academic Bookshop | Central Library | Central Library | First floor | 22/02/2016 | Purchase | 310.00 | 4862 | 2 | 33 | 618.2 MYL | 000031652 | 15/07/2025 | 12/11/2020 | 387.50 | Book - Borrowing | |||||
| Dewey Decimal Classification | Academic Bookshop | Central Library | Central Library | First floor | 22/02/2016 | Purchase | 310.00 | 4862 | 2 | 10 | 618.2 MYL | 000031653 | 15/07/2025 | 20/11/2022 | 387.50 | Book - Borrowing | |||||
| Dewey Decimal Classification | Academic Bookshop | Central Library | Central Library | First floor | 22/02/2016 | Purchase | 310.00 | 4862 | 2 | 15 | 618.2 MYL | 000031654 | 15/07/2025 | 26/02/2020 | 387.50 | Book - Borrowing | |||||
| Dewey Decimal Classification | Academic Bookshop | Central Library | Central Library | First floor | 22/02/2016 | Purchase | 310.00 | 4862 | 2 | 8 | 618.2 MYL | 000031655 | 04/09/2016 | 04/09/2016 | 387.50 | Book - Borrowing | 27/11/2024 | ||||
| Dewey Decimal Classification | Academic Bookshop | Central Library | Central Library | First floor | 22/02/2016 | Purchase | 310.00 | 4862 | 2 | 8 | 618.2 MYL | 000031656 | 15/07/2025 | 06/03/2019 | 387.50 | Book - Borrowing |